00530nam a22001697a 450000500170000001000150001702000260003203500130005803700130007108200130008410000240009724500830012126000340020427000610023830000420029950000190034120130913110821.0 aENG-107775 a9789381523728c995.00 aEN-91308 bDBAD/PUB a720.9545 aGupta, Subhadra Sen aFatehpur Sikri : cby Subhadra Sen GuptabAkbar's magnificent city on a Hill / aNew DelhibNiyogi Booksc2013 aD-78, Okhla Industrial Area, Phase-I bNew Delhie110020 a244p. :c24cm(Hb)bill.(chiefly col.) aIncludes index